| 000 | 00465nam a22001817a 4500 | ||
|---|---|---|---|
| 020 | _a978-1-265-07415-9 | ||
| 082 | _a658.15 | ||
| 100 | _aPrinciples of Corporate Finance | ||
| 245 | _aPrinciples of Corporate Finance | ||
| 250 | _a14th | ||
| 260 |
_aNew York: _bMcGraw-Hill, _c2023 |
||
| 300 | _axxx, 986p.: ill.; 25cm | ||
| 700 | _aBrealey, Richard A. | ||
| 700 | _aMyers, Stewart C. | ||
| 700 | _aAllen, Franklin | ||
| 700 | _aEdmans, Alex | ||
| 942 | _cBK | ||
| 999 |
_c22233 _d22233 |
||